Museum of Delphi : bronzes
Αποθηκεύτηκε σε:
| Κύριος συγγραφέας: | |
|---|---|
| Μορφή: | Βιβλίο |
| Γλώσσα: | English |
| Δημοσίευση: |
[s.l.] :
[s.n.],
[197-?]
|
| Θέματα: | |
| Ετικέτες: |
Προσθήκη ετικέτας
Δεν υπάρχουν, Καταχωρήστε ετικέτα πρώτοι!
|
MARC
| LEADER | 00000cam a2200000 i 4500 | ||
|---|---|---|---|
| 001 | 1/8023 | ||
| 008 | 000626q eng d | ||
| 035 | |l 10062521 | ||
| 040 | |a GR-MY-UA |b gre |e aacr | ||
| 041 | 0 | |a eng | |
| 082 | 0 | |a 938 | |
| 100 | 1 | |a Rolley, Claude. | |
| 245 | 1 | 0 | |a Museum of Delphi : |b bronzes / |c by Claude Rolley ; [translated by Odile Didelot with the collaboration of Archibald Dunn] |
| 260 | |a [s.l.] : |b [s.n.], |c [197-?] | ||
| 300 | |a 48 p.; |b ill.; |c 22 cm. | ||
| 610 | 2 | 0 | |a Αρχαιολογικό Μουσείο Δελφών. |
| 650 | 0 | 0 | |a Bronzes |z Greece |z Delphi (Extinct city) |x Catalogs. |
| 651 | 0 | |a Delphi (Extinct city) |x Antiquities. | |
| 651 | 0 | |a Delphi (Extinct city) |x Catalogs. | |
| 852 | |a INST |b CHIOS |e 20000626 |h 938 ROL |p 005200017803 |q 005200017803 |t BK |y 0 | ||
| 901 | |a BIBL2-2000-2 | ||
| 909 | |a Χ |b 047938 | ||
| 970 | |z 2000/06/ΜΠΡΑΤΤΗΣ | ||